<?xml version="1.0" encoding="UTF-8"?>
<record
    xmlns:xsi="http://www.w3.org/2001/XMLSchema-instance"
    xsi:schemaLocation="http://www.loc.gov/MARC21/slim http://www.loc.gov/standards/marcxml/schema/MARC21slim.xsd"
    xmlns="http://www.loc.gov/MARC21/slim">

  <leader>00493nam a22001577a 4500</leader>
  <controlfield tag="003">OSt</controlfield>
  <controlfield tag="005">20151001133153.0</controlfield>
  <controlfield tag="008">151001b        xxu||||| |||| 00| 0 eng d</controlfield>
  <datafield tag="040" ind1=" " ind2=" ">
    <subfield code="c">RUA</subfield>
  </datafield>
  <datafield tag="082" ind1=" " ind2=" ">
    <subfield code="a">AGR NGU 2005 B062 Or.1</subfield>
  </datafield>
  <datafield tag="100" ind1=" " ind2=" ">
    <subfield code="9">1679</subfield>
    <subfield code="a">NGUON, HUONG.</subfield>
  </datafield>
  <datafield tag="245" ind1=" " ind2=" ">
    <subfield code="a">Effet de l'engrais organique et mine`ral sur la culture de laitue a` la station expe`rimentale de l'universite` royale d'agriculture.</subfield>
  </datafield>
  <datafield tag="260" ind1=" " ind2=" ">
    <subfield code="a">phnom phen</subfield>
    <subfield code="b">RUA</subfield>
    <subfield code="c">2005</subfield>
  </datafield>
  <datafield tag="300" ind1=" " ind2=" ">
    <subfield code="a">43p.</subfield>
    <subfield code="b">ill.</subfield>
    <subfield code="c">29cm.</subfield>
  </datafield>
  <datafield tag="942" ind1=" " ind2=" ">
    <subfield code="2">ddc</subfield>
    <subfield code="c">AGR</subfield>
  </datafield>
  <datafield tag="999" ind1=" " ind2=" ">
    <subfield code="c">1581</subfield>
    <subfield code="d">1581</subfield>
  </datafield>
  <datafield tag="952" ind1=" " ind2=" ">
    <subfield code="0">0</subfield>
    <subfield code="1">0</subfield>
    <subfield code="2">ddc</subfield>
    <subfield code="4">0</subfield>
    <subfield code="6">AGR_NGU_2005_000000000000000_B062_OR_1</subfield>
    <subfield code="7">0</subfield>
    <subfield code="9">7113</subfield>
    <subfield code="a">LBB</subfield>
    <subfield code="b">LBB</subfield>
    <subfield code="c">B062</subfield>
    <subfield code="d">2015-10-01</subfield>
    <subfield code="o">AGR NGU 2005 B062 Or.1</subfield>
    <subfield code="p">rua003059</subfield>
    <subfield code="r">2015-10-01</subfield>
    <subfield code="w">2015-10-01</subfield>
    <subfield code="y">AGR</subfield>
  </datafield>
  <datafield tag="952" ind1=" " ind2=" ">
    <subfield code="0">0</subfield>
    <subfield code="1">0</subfield>
    <subfield code="2">ddc</subfield>
    <subfield code="4">0</subfield>
    <subfield code="6">AGR_NGU_2005_000000000000000_B062_OR_2</subfield>
    <subfield code="7">0</subfield>
    <subfield code="9">7114</subfield>
    <subfield code="a">LBB</subfield>
    <subfield code="b">LBB</subfield>
    <subfield code="c">B062</subfield>
    <subfield code="d">2015-10-01</subfield>
    <subfield code="o">AGR NGU 2005 B062 Or.2</subfield>
    <subfield code="p">rua003131</subfield>
    <subfield code="r">2015-10-01</subfield>
    <subfield code="w">2015-10-01</subfield>
    <subfield code="y">AGR</subfield>
  </datafield>
  <datafield tag="952" ind1=" " ind2=" ">
    <subfield code="0">0</subfield>
    <subfield code="1">0</subfield>
    <subfield code="2">ddc</subfield>
    <subfield code="4">0</subfield>
    <subfield code="6">AGR_NGU_2005_000000000000000_B062_OR_3</subfield>
    <subfield code="7">0</subfield>
    <subfield code="9">7115</subfield>
    <subfield code="a">LBB</subfield>
    <subfield code="b">LBB</subfield>
    <subfield code="c">B062</subfield>
    <subfield code="d">2015-10-01</subfield>
    <subfield code="o">AGR NGU 2005 B062 Or.3</subfield>
    <subfield code="p">rua017540</subfield>
    <subfield code="r">2015-10-01</subfield>
    <subfield code="w">2015-10-01</subfield>
    <subfield code="y">AGR</subfield>
  </datafield>
  <datafield tag="952" ind1=" " ind2=" ">
    <subfield code="0">0</subfield>
    <subfield code="1">0</subfield>
    <subfield code="2">ddc</subfield>
    <subfield code="4">0</subfield>
    <subfield code="6">AGR_NGU_2005_000000000000000_B062_OR_4</subfield>
    <subfield code="7">0</subfield>
    <subfield code="9">7116</subfield>
    <subfield code="a">LBB</subfield>
    <subfield code="b">LBB</subfield>
    <subfield code="c">B062</subfield>
    <subfield code="d">2015-10-01</subfield>
    <subfield code="o">AGR NGU 2005 B062 Or.4</subfield>
    <subfield code="p">rua017606</subfield>
    <subfield code="r">2015-10-01</subfield>
    <subfield code="w">2015-10-01</subfield>
    <subfield code="y">AGR</subfield>
  </datafield>
  <datafield tag="952" ind1=" " ind2=" ">
    <subfield code="0">0</subfield>
    <subfield code="1">0</subfield>
    <subfield code="2">ddc</subfield>
    <subfield code="4">0</subfield>
    <subfield code="6">AGR_NGU_2005_000000000000000_B062_OR_5</subfield>
    <subfield code="7">0</subfield>
    <subfield code="9">7117</subfield>
    <subfield code="a">LBB</subfield>
    <subfield code="b">LBB</subfield>
    <subfield code="c">B062</subfield>
    <subfield code="d">2015-10-01</subfield>
    <subfield code="o">AGR NGU 2005 B062 Or.5</subfield>
    <subfield code="p">rua017534</subfield>
    <subfield code="r">2015-10-01</subfield>
    <subfield code="w">2015-10-01</subfield>
    <subfield code="y">AGR</subfield>
  </datafield>
  <datafield tag="952" ind1=" " ind2=" ">
    <subfield code="0">0</subfield>
    <subfield code="1">0</subfield>
    <subfield code="2">ddc</subfield>
    <subfield code="4">0</subfield>
    <subfield code="6">AGR_NGU_2005_000000000000000_B062_OR_6</subfield>
    <subfield code="7">0</subfield>
    <subfield code="9">13700</subfield>
    <subfield code="a">LBB</subfield>
    <subfield code="b">LBB</subfield>
    <subfield code="d">2015-10-28</subfield>
    <subfield code="o">AGR NGU 2005 B062 Or.6</subfield>
    <subfield code="p">RUA025433</subfield>
    <subfield code="r">2015-10-28</subfield>
    <subfield code="w">2015-10-28</subfield>
    <subfield code="y">AGR</subfield>
  </datafield>
</record>
